Pozsony települése
Elmentve itt :
| Szerző: | |
|---|---|
| Dokumentumtípus: | Cikk |
| Megjelent: |
1921
|
| Sorozat: | Föld és ember
1 No. 2 |
| Kulcsszavak: | Földrajztudomány, Helytörténet |
| Online Access: | http://acta.bibl.u-szeged.hu/10308 |
| LEADER | 00564nab a2200169 i 4500 | ||
|---|---|---|---|
| 001 | acta10308 | ||
| 005 | 20210624095528.0 | ||
| 008 | 161015s1921 hu o 0|| hun d | ||
| 040 | |a SZTE Egyetemi Kiadványok Repozitórium |b hun | ||
| 041 | |a hun | ||
| 100 | 1 | |a Strömpl Gábor | |
| 245 | 1 | 0 | |a Pozsony települése |h [elektronikus dokumentum] / |c Strömpl Gábor |
| 260 | |c 1921 | ||
| 300 | |a 114-121 | ||
| 490 | 0 | |a Föld és ember |v 1 No. 2 | |
| 695 | |a Földrajztudomány, Helytörténet | ||
| 856 | 4 | 0 | |u http://acta.bibl.u-szeged.hu/10308/1/fold_001_002_114-121.pdf |z Dokumentum-elérés |